The House Beautiful Furnishing Annual : 1926 /

I tiakina i:
Ngā taipitopito rārangi puna kōrero
Ētahi atu kaituhi: Kimball, Fiske (introducción) (introducción)
Hōputu: Pukapuka
Reo:Ingarihi
I whakaputaina: Boston, EUA : Atlantic Monthly, 1925, c1925
Ngā marau:
Ngā Tūtohu: Tāpirihia he Tūtohu
Kāore He Tūtohu, Me noho koe te mea tuatahi ki te tūtohu i tēnei pūkete!

MARC

LEADER 00000nam^a2200000^a^4500
001 000185210
005 20250526000000.0
009 20260310102144.28
037 |a Acervo ITESO - Biblioteca 
041 |a ING 
082 |a 749.  |b HOU 1926 
245 0 4 |a The House Beautiful Furnishing Annual :  |b 1926 /  |c Introd. de F. Kimball. 
264 4 |a Boston, EUA :  |b Atlantic Monthly,  |c 1925, c1925 
300 |a VII, 168 p. (gran formato) ;  |c 32.5 cm. 
336 |a texto  |b txt  |2 rdacontenido 
337 |a sin mediación  |b n  |2 rdamedio 
338 |a volumen  |b nc  |2 rdasoporte 
649 |a XX 
650 |a Cenefas 
650 |a Motivos Ornamentales 
650 |a Cortinas y Persianas 
650 |a Bombillas y Lámparas 
650 |a Alfombras y Tapices 
650 |a Objetos Decorativos 
650 |a Sillas 
650 |a Sillones 
650 |a Bancas 
650 |a Mesas 
650 |a Libreros (Muebles) 
650 |a Camas 
650 |a Roperos y Cajoneras 
650 |a Muebles de Sala 
650 |a Muebles de Comedor 
650 |a Muebles de Cocina 
650 |a Muebles de Oficina 
650 |a Diseño Industrial 
650 |a Decoración y Ornamentación -  |x Historia y Crítica 
650 |a Arquitectura -  |x Historia y Crítica 
650 |a Arte -  |x Historia y Crítica 
700 |a Kimball, Fiske  |e (introducción) 
910 |a Fondo Julio de la Peña Lomelín 
920 |a Impresos - Libros 
930 |a Libros Antiguos y Raros 
940 |a Arquitectos Jaliscienses 
905 |a 108 
901 |a 0500126415  |b IT2  |c LRA  |u 20250526 
902 |a https://opac.biblio.iteso.mx/vufind/Record/000185210